[Event "AUTO-INT-3942"]
[Site "http://www.queenalice.com/game.php?id=1861939"]
[Date "2025.8.23"]
[Round "1"]
[White "StepPhil"]
[Black "tche_elvio"]
[Result "0-1"]
[WhiteElo "1480"]
[BlackElo "1454"]

1. e4 c5 2. Qf3 Nc6 3. Bc4 e6 4. d3 d6 5. a3 h6 6. Qd1 Be7 7. g3 Nf6 8. Bd2 Ne5
9. Ba2 O-O 10. f4 Nc6 11. c3 b6 12. Qf3 Bb7 13. Be3 Nd7 14. c4 d5 15. cxd5 exd5
16. Bxd5 Nf6 0-1

[Event "Challenge"]
[Site "http://www.queenalice.com/game.php?id=1862821"]
[Date "2025.9.11"]
[Round "-"]
[White "Capixaba789"]
[Black "tche_elvio"]
[Result "1-0"]
[WhiteElo "1965"]
[BlackElo "1476"]

1. d4 g6 2. c4 Bg7 3. Nc3 d6 4. e4 e6 5. f4 b6 6. Nf3 Bb7 7. Bd3 Ne7 8. O-O c5
9. d5 exd5 10. Nxd5 Bxd5 11. exd5 O-O 12. Rb1 Nd7 13. b3 h5 14. Bb2 a6 15. a4
Bxb2 16. Rxb2 Nf5 17. Bxf5 gxf5 18. Ng5 Kg7 19. Qxh5 Nf6 20. Qh3 Rh8 21. Qg3 Ng4
22. h3 Nh6 23. Ne6+ Kf6 24. Nxd8 Raxd8 25. Re1 Rhg8 26. Qf3 Rde8 27. Rbe2 Rxe2
28. Rxe2 Rg7 29. Qe3 Rg6 30. Qe8 Rg8 31. Qe7+ Kg7 32. Qg5+ Kh7 33. Qe7 Rg6 34.
Re6 Rxe6 35. dxe6 Kg6 36. Qg5+ Kh7 37. Qxh6+ Kxh6 38. e7 1-0

[Event "Challenge"]
[Site "http://www.queenalice.com/game.php?id=1863250"]
[Date "2025.9.20"]
[Round "-"]
[White "tche_elvio"]
[Black "crisvolei"]
[Result "1-0"]
[WhiteElo "1448"]
[BlackElo "1561"]

1. e4 e5 2. g3 g5 3. d4 Qf6 4. Nc3 Nc6 5. Nf3 exd4 6. Bxg5 Qe6 7. Nxd4 Nxd4 8.
Bg2 Qe5 9. O-O f6 10. Bf4 Qc5 11. Be3 Qb5 12. Nxb5 Nxb5 13. c3 d6 14. h4 h5 15.
Bf3 c5 16. Bxh5+ Kd8 17. Bxc5 f5 18. Bd4 Rh7 19. exf5 Bxf5 20. a3 b6 21. b4 Be7
22. c4 Nxd4 23. Qxd4 Kc7 24. Qd5 Rf8 25. Bf3 Kd7 26. Qc6+ Ke6 27. Rfe1+ Kf6 28.
Qd5 Nh6 29. Qd4+ Kg6 30. Be4 Bf6 31. Qxd6 Rd8 32. Bxf5+ Nxf5 33. Qf4 Bxa1 34.
Rxa1 Kf6 35. Qg5+ Ke5 36. Re1+ Kd4 37. Qxd8+ Kxc4 38. Rc1+ Kb3 39. Qg8+ 1-0

[Event "Challenge"]
[Site "http://www.queenalice.com/game.php?id=1863251"]
[Date "2025.9.20"]
[Round "-"]
[White "crisvolei"]
[Black "tche_elvio"]
[Result "1-0"]
[WhiteElo "1557"]
[BlackElo "1454"]

1. e4 c5 2. c4 Nc6 3. b3 Nf6 4. Na3 a6 5. Bb2 Nxe4 6. Qg4 Nf6 7. Bxf6 exf6 8.
O-O-O Be7 9. Qxg7 Rf8 10. Qxh7 b5 11. Re1 Ne5 12. Nf3 Nxf3 13. gxf3 b4 14. Nc2
a5 15. Rg1 d6 16. Bd3 Be6 17. h4 Kd7 18. Bf5 Kc7 19. Bxe6 fxe6 20. Rxe6 a4 21.
Rxe7+ Kc8 22. Rgg7 axb3 23. Qf5+ Kb8 24. Rb7# 1-0

[Event "Challenge"]
[Site "http://www.queenalice.com/game.php?id=1863818"]
[Date "2025.10.4"]
[Round "-"]
[White "tche_elvio"]
[Black "crisvolei"]
[Result "0-1"]
[WhiteElo "1510"]
[BlackElo "1571"]

1. e4 e5 2. g3 Qf6 3. Bg2 Bc5 4. Nf3 d5 5. c3 Bg4 6. O-O dxe4 7. d4 Bxf3 8. Bxf3
exf3 9. dxc5 e4 10. Be3 Nc6 11. b4 Rd8 12. Qc2 Nge7 13. a3 O-O 14. Qxe4 Nd5 15.
Bd4 Qg5 16. Qxf3 Nxd4 17. cxd4 c6 18. Nc3 f5 19. Nxd5 Rxd5 20. h4 Qg4 21. Qxg4
fxg4 22. Rad1 Rf3 23. Kg2 Rxa3 24. Rd2 Rb3 25. f3 Rxb4 26. fxg4 Rbxd4 27. Rxd4
Rxd4 28. Rb1 b5 29. cxb6 axb6 30. Rxb6 c5 31. Kh3 Rd8 32. Rc6 Rd5 33. g5 Kf7 34.
Kg4 g6 35. Rc7+ Ke6 36. Rxh7 c4 37. Rc7 Rd4+ 38. Kf3 Kd6 39. Rc8 Kd7 40. Rc5 Kd6
41. Rc8 Rd3+ 42. Kf2 Kd5 43. Rd8+ Ke4 44. Re8+ Kd4 45. Rd8+ Kc3 46. Rc8 Kb3 47.
Rb8+ Kc2 48. Rc8 c3 49. Rc6 Rd2+ 50. Ke3 Rd3+ 51. Kf4 Kd2 52. Rxg6 c2 53. Rc6
Rc3 54. Rd6+ Ke2 55. Re6+ Kf2 56. g6 c1=Q+ 57. Kg4 Rxg3+ 58. Kh5 Qc5+ 59. Kh6
Qc8 60. g7 Qxe6+ 61. Kh7 Qg6+ 62. Kg8 Qxg7# 0-1

[Event "Challenge"]
[Site "http://www.queenalice.com/game.php?id=1863819"]
[Date "2025.10.4"]
[Round "-"]
[White "crisvolei"]
[Black "tche_elvio"]
[Result "0-1"]
[WhiteElo "1563"]
[BlackElo "1436"]

1. e4 c5 2. c4 Nc6 3. Na3 e6 4. Qg4 d6 5. Nb5 Nf6 6. Qg5 g6 7. e5 Nxe5 8. Nf3
Nxf3+ 9. gxf3 Bg7 10. Qf4 e5 11. Qe3 O-O 12. b4 Bf5 13. d3 cxb4 14. c5 Nd5 15.
Qd2 e4 16. dxe4 Bxa1 17. exf5 Qe7+ 18. Be2 Bc3 19. f6 Bxd2+ 20. Bxd2 dxc5 21.
Bg5 Qxf6 22. Bxf6 Nxf6 23. O-O a6 24. Nd6 b5 25. Nb7 c4 26. Rd1 Rfe8 27. Kf1 h5
28. h4 Re5 29. Nd6 Rd5 30. Rxd5 Nxd5 31. Ne4 b3 32. a3 Nf4 33. Nc3 Nxe2 34. Kxe2
Rd8 35. f4 Rd3 36. Nb1 Rh3 37. f3 Rxh4 38. Ke3 f5 39. Nc3 b2 40. Nb1 Rh1 41. Nc3
b1=Q 42. Nxb1 Rxb1 43. Kd4 Ra1 0-1

[Event "AUTO-INT-3946"]
[Site "http://www.queenalice.com/game.php?id=1863859"]
[Date "2025.10.6"]
[Round "1"]
[White "ajr"]
[Black "tche_elvio"]
[Result "1-0"]
[WhiteElo "1714"]
[BlackElo "1487"]

1. d4 Nf6 2. c4 g6 3. Nc3 Bg7 4. e4 d6 5. d5 O-O 6. Nf3 e6 7. Bg5 c5 8. Bd3 b6
9. O-O h5 10. h3 Bb7 11. Re1 exd5 12. exd5 Nbd7 13. a4 a5 14. Nb5 Ba6 15. Qd2
Ne5 16. Nxe5 dxe5 17. Rxe5 Bxb5 18. axb5 Qd6 19. Bf4 Ne4 20. Rxe4 Qf6 21. Bc7
Qxb2 22. Qxb2 Bxb2 23. Rae1 Bc3 24. R1e3 Bd4 25. Re2 a4 26. Bd6 Rfe8 27. Rxe8+
Rxe8 28. Rxe8+ Kg7 29. Ra8 1-0

[Event "AUTO-INT-3946"]
[Site "http://www.queenalice.com/game.php?id=1863860"]
[Date "2025.10.6"]
[Round "1"]
[White "tche_elvio"]
[Black "ajr"]
[Result "0-1"]
[WhiteElo "1480"]
[BlackElo "1721"]

1. e4 e5 2. g3 Nf6 3. Nc3 a6 4. Bg2 Bb4 5. Nge2 d6 6. a3 Bxc3 7. Nxc3 O-O 8. O-O
Re8 9. Ne2 Nc6 10. b4 Be6 11. c3 d5 12. Bb2 dxe4 13. h4 Bc4 14. Re1 h6 15. a4
Qd5 16. a5 Rad8 17. d4 Bxe2 18. Qxe2 Qb3 19. Bxe4 Nxe4 20. dxe5 Rd2 21. Qxe4
Qxb2 22. Qb1 Qxc3 23. b5 Nxe5 24. bxa6 Nf3+ 25. Kf1 Rxe1+ 26. Qxe1 Nxe1 27. a7
Rd8 28. a6 Qxa1 0-1

[Event "AUTO-INT-3950"]
[Site "http://www.queenalice.com/game.php?id=1865190"]
[Date "2025.11.4"]
[Round "1"]
[White "askasl159"]
[Black "tche_elvio"]
[Result "1-0"]
[WhiteElo "1409"]
[BlackElo "1454"]

1. e4 c5 2. b4 e6 3. Nf3 d6 4. Bb5+ Bd7 5. Bxd7+ Nxd7 6. d4 h6 7. bxc5 dxc5 8.
d5 Nb6 9. O-O Bd6 10. Bb2 e5 11. Bxe5 Nc4 12. Bxd6 Nxd6 13. Ne5 Nf6 14. Qf3 O-O
15. Nc3 Nfxe4 16. Nxe4 Nxe4 17. Qxe4 b6 18. Nc6 Qc7 19. Rae1 Rfe8 20. Qd3 Rxe1
21. Rxe1 a5 22. Re7 Qd6 23. Qf5 Rf8 24. Rd7 Qg6 25. Qxg6 fxg6 26. d6 g5 27. Rd8
1-0

[Event "AUTO-INT-3950"]
[Site "http://www.queenalice.com/game.php?id=1865191"]
[Date "2025.11.4"]
[Round "1"]
[White "tche_elvio"]
[Black "askasl159"]
[Result "0-1"]
[WhiteElo "1474"]
[BlackElo "1371"]

1. e4 e5 2. g3 Nf6 3. Bg2 Bc5 4. c3 O-O 5. d3 h6 6. Nf3 Nc6 7. O-O d5 8. exd5
Nxd5 9. Nxe5 Nxe5 10. h4 Bf5 11. Qe2 Nxd3 12. Bxd5 Re8 13. Be3 Qxd5 14. Na3 Be4
15. Qd2 Bh1 16. f3 Bxe3+ 17. Qxe3 Rxe3 18. Kxh1 Rxf3 19. Rxf3 Qxf3+ 20. Kh2 Re8
0-1

[Event "AUTO-INT-3950"]
[Site "http://www.queenalice.com/game.php?id=1865204"]
[Date "2025.11.4"]
[Round "1"]
[White "tche_elvio"]
[Black "mestre62"]
[Result "1-0"]
[WhiteElo "1474"]
[BlackElo "1545"]

1. e4 e5 2. a3 Nf6 3. Nc3 d5 4. d3 d4 5. Na2 Ng4 6. Nh3 Qf6 7. Bg5 Qg6 8. Be2 h6
9. Bxg4 hxg5 10. Nb4 Bxg4 11. Qxg4 Nd7 12. Qxg5 Bxb4+ 13. axb4 Qxg5 14. Nxg5 b5
15. c3 Rh5 16. h4 c5 17. g3 Nf6 18. Ke2 cxb4 19. cxd4 exd4 20. Kf3 Nd7 21. b3
1-0

[Event "AUTO-INT-3950"]
[Site "http://www.queenalice.com/game.php?id=1865205"]
[Date "2025.11.4"]
[Round "1"]
[White "mestre62"]
[Black "tche_elvio"]
[Result "0-1"]
[WhiteElo "1526"]
[BlackElo "1493"]

1. a3 e5 2. e4 g6 3. Nf3 Bg7 4. Nc3 d6 5. d3 Ne7 6. Ng5 c6 7. Qf3 O-O 8. Be2 h5
9. O-O d5 10. exd5 Nxd5 11. Nxd5 Qxd5 12. Ne4 b6 13. c4 Qe6 14. Re1 Bb7 15. b4
c5 16. bxc5 Bxe4 17. Qxe4 Nc6 18. Be3 bxc5 19. Rab1 Rab8 20. Bxc5 f5 0-1

[Event "AUTO-INT-3952"]
[Site "http://www.queenalice.com/game.php?id=1865810"]
[Date "2025.11.19"]
[Round "1"]
[White "tche_elvio"]
[Black "SGF"]
[Result "1-0"]
[WhiteElo "1477"]
[BlackElo "1758"]

1. e4 e5 2. d4 Qf6 3. Qf3 exd4 4. Qxf6 Nxf6 5. Bd3 d6 6. Nf3 h6 7. O-O Ng4 8. h3
Ne5 9. Nxe5 dxe5 10. a3 a5 11. Nd2 c6 12. Nc4 f6 13. Nb6 Ra7 14. Nxc8 Ra8 15.
Nb6 Ra7 16. Bd2 Bc5 17. Na4 b6 18. Nxc5 bxc5 19. b4 axb4 20. axb4 Rxa1 21. Rxa1
cxb4 22. Bxb4 Kf7 23. c3 dxc3 24. Bc4+ Kg6 25. Bxc3 Nd7 26. Ra6 Nc5 27. Rxc6
Nxe4 28. Bd3 Kf5 29. f3 Kf4 30. Bxe4 Rd8 31. Kh2 h5 32. g3+ Ke3 33. Bb4 Rd4 34.
Bc5 f5 35. Bxd4+ exd4 36. Bxf5 Kxf3 37. Bd3 Ke3 38. Bg6 d3 39. Bxd3 Kxd3 40. Rg6
Ke3 41. Kg2 Ke4 42. Rxg7 Kf5 43. g4+ Kf6 44. Ra7 h4 45. Kf3 Kg5 46. Ra5+ Kh6 47.
Kf4 Kg6 48. Rf5 Kh6 49. Rf6+ Kg7 50. Kg5 Kh7 51. Rf7+ Kg8 52. Kg6 Kh8 53. Rf8#
1-0

[Event "AUTO-INT-3952"]
[Site "http://www.queenalice.com/game.php?id=1865823"]
[Date "2025.11.19"]
[Round "1"]
[White "game"]
[Black "tche_elvio"]
[Result "0-1"]
[WhiteElo "1479"]
[BlackElo "1492"]

1. e4 c5 2. Nf3 Nc6 3. Bb5 g6 4. Na3 Bg7 5. d3 e5 6. Ng5 d6 7. Qf3 Qf6 8. Bc4
Qxf3 9. gxf3 Nh6 10. Nb5 O-O 11. Nxd6 a6 12. f4 exf4 13. Bxf4 Kh8 14. O-O-O b5
15. Bd5 Bd7 16. Nb7 f6 17. Bd6 Rfe8 18. Nf3 Ng4 19. Rdf1 Nge5 20. Nxe5 fxe5 21.
Nxc5 h5 22. Nxd7 Nd4 23. Bxa8 Rxa8 24. Nb6 Rd8 25. Bc7 Re8 26. h4 Ne2+ 27. Kd2
Nf4 28. Kc1 Bh6 29. b4 Nxd3+ 30. Kb1 Nxb4 31. Rhg1 Kh7 32. Nd5 Nxd5 33. Ba5 Nf4
34. Rd1 Nh3 35. Rd7+ Bg7 36. Rf1 Re6 37. Ra7 Nf4 38. Rd1 Rf6 39. Rdd7 Ne6 40.
Bc3 a5 41. Rxa5 Nd4 42. Raa7 Ne6 43. Bxe5 Rxf2 44. Bg3 Rf1+ 0-1

[Event "AUTO-INT-3952"]
[Site "http://www.queenalice.com/game.php?id=1865824"]
[Date "2025.11.19"]
[Round "1"]
[White "tche_elvio"]
[Black "game"]
[Result "0-1"]
[WhiteElo "1504"]
[BlackElo "1448"]

1. e4 e5 2. g3 Nc6 3. Bg2 Nf6 4. c3 Bc5 5. d4 exd4 6. cxd4 Bxd4 7. Nc3 Ng4 8.
Qxg4 Qf6 9. Nf3 Nb4 10. Nd5 Nxd5 11. O-O d6 12. Qg5 Qxg5 13. Nxg5 Nf6 14. Rb1
Ng4 15. Be3 c5 16. Bxd4 O-O 17. Bc3 b6 18. h4 Ba6 19. Rfe1 f6 20. Ne6 Rfe8 21.
Nc7 Bd3 22. Nxe8 Bxb1 23. Rxb1 Rxe8 24. a3 Rf8 25. e5 dxe5 26. Bd5+ Kh8 27. b4
a5 28. bxc5 Rc8 29. c6 f5 30. Rxb6 e4 31. Rb7 Nf6 32. Bxf6 gxf6 33. Be6 Rxc6 34.
Bxf5 Rc1+ 35. Kg2 Re1 36. Rxh7+ Kg8 37. Ra7 e3 38. Rxa5 e2 39. Kf3 Kg7 40. Ra7+
Kf8 41. Bd3 Rb1 42. Bxb1 e1=Q 43. Bc2 Qc3+ 44. Kg2 Qxc2 45. a4 f5 46. h5 Qe4+
47. Kf1 Qh1+ 48. Ke2 Qxh5+ 49. f3 Qh2+ 50. Ke3 Qg1+ 51. Kf4 Qxa7 52. Kxf5 Qxa4
53. Ke5 Kg7 54. f4 Qd7 55. f5 Kf8 56. g4 Qg7+ 57. Kf4 Kf7 58. g5 Qd4+ 59. Kg3
Ke7 60. Kf3 Qh4 61. f6+ Ke6 0-1